Non-Recognized Countries and Territories of the World - HARD - Statistics

General Stats
  • This quiz has been taken 47 times
  • The average score is 32 of 51
Answers on the Map
Answers color-coded by a green-red scale on the quiz's map according to % correct below.
 
Answer Stats
Hint Hint Country % Correct
350 179 Western Sahara
83%
246.7 434.8 Falkland Islands
80%
289 19 Greenland
80%
364.7 52.8 Faroe Islands
77%
506.3 331.9 Réunion
74%
807.2 309.3 American Samoa
71%
234.7 152.7 Bermuda
71%
241.7 207.1 Guadeloupe
71%
706.3 215.7 Guam
71%
460 153.6 Palestine
71%
485 229 Somaliland
71%
223 219.2 Aruba
69%
235.6 199.2 British Virgin Islands
69%
225.2 220.3 Curaçao
69%
370.3 79.5 Isle of Man
69%
807.9 324.1 Niue
69%
230.9 200.1 Puerto Rico
69%
367 338 Saint Helena, Ascension, and Tristan da Cunha
69%
473 116.5 Abkhazia
66%
199 195.5 Cayman Islands
66%
53 328 French Polynesia
66%
243.1 212 Martinique
66%
482.2 303.8 Mayotte
66%
753 333 New Caledonia
66%
456.3 143.1 Northern Cyprus
66%
709.7 203.6 Northern Mariana Islands
66%
446.5 103 Transnistria
66%
234.7 201.6 U.S. Virgin Islands
66%
375.8 96.4 Jersey
63%
421 8 Svalbard and Jan Mayen
63%
238.6 200.1 Anguilla
60%
21.6 333.2 Cook Islands
60%
219.3 188.7 Turks and Caicos Islands
60%
618.4 296.1 Christmas Island
57%
368.4 140.9 Gibraltar
57%
374.8 95.4 Guernsey
57%
239.2 201.2 Saint Barthélemy
57%
479.6 119.1 South Ossetia
57%
261 248 French Guiana
54%
240.5 205.1 Montserrat
54%
253.8 103.8 Saint Pierre and Miquelon
54%
804 291.8 Tokelau
54%
790 309.6 Wallis and Futuna
54%
758.5 358.2 Norfolk Island
51%
92 342.8 Pitcairn Islands
51%
227 220.4 Bonaire
49%
598.3 301.3 Cocos (Keeling) Islands
49%
637.5 186 Hong Kong
46%
636 186.5 Macau
46%
238.7 200.9 Sint Maarten
46%
238.7 200.8 Saint Martin
43%
No matching quizzes found
Score Distribution
Percent of People with Each Score
Percentile by Number Answered
Your Score History
You have not taken this quiz